000 00373nam a2200145Ia 4500
008 230917s9999||||xx |||||||||||||| ||und||
040 _e69335
_aMAIN
041 _aEnglish
082 _a301.045 A25M
100 _aAndreski, Stanislav
245 0 _aMax Webers insights and errors
260 _aLondon
_bRoutledge & Kegan Paul
_c1984
300 _aviii, 155 p.
942 _cBK
999 _c51596
_d51596